| Tag |
First Indicator |
Second Indicator |
Subfields |
| LEADER |
00000cam a2200000 a 4500 |
| 001 |
in00002017519 |
| 005 |
20151031151722.0 |
| 008 |
041123s2004 waua b 101 0 eng d |
| 020 |
|
|
|a 0819454575
|
| 035 |
|
|
|a (OCoLC)ocm57027972
|
| 040 |
|
|
|a LHL
|c LHL
|d TXA
|d UtOrBLW
|
| 049 |
|
|
|a TXAM
|
| 090 |
|
|
|a TK7871.99.L53
|b .O74 2004
|
| 245 |
0 |
0 |
|a Organic light-emitting materials and devices VIII :
|b 2-4 August 2004, Denver, Colorado, USA /
|c Zakya H. Kafafi, Paul A. Lane, chairs/editors ; sponsored and published by SPIE--the International Society for Optical Engineering.
|
| 246 |
3 |
0 |
|a Organic light-emitting materials and devices eight
|
| 246 |
3 |
|
|a Organic light-emitting materials and devices 8
|
| 264 |
|
1 |
|a Bellingham, Washington :
|b SPIE,
|c [2004]
|
| 264 |
|
4 |
|c ©2004
|
| 300 |
|
|
|a ix, 314 pages :
|b illustrations ;
|c 28 cm.
|
| 336 |
|
|
|a text
|b txt
|2 rdacontent
|
| 337 |
|
|
|a unmediated
|b n
|2 rdamedia
|
| 338 |
|
|
|a volume
|b nc
|2 rdacarrier
|
| 490 |
1 |
|
|a Proceedngs / SPIE--the International Society for Optical Engineering ;
|v v. 5519
|
| 504 |
|
|
|a Includes bibliographical references and index.
|
| 650 |
|
0 |
|a Light emitting diodes
|v Congresses.
|
| 650 |
|
0 |
|a Electroluminescent display systems
|v Congresses.
|
| 650 |
|
0 |
|a Electroluminescent devices
|x Materials
|v Congresses.
|
| 650 |
|
0 |
|a Organic compounds
|v Congresses.
|
| 700 |
1 |
|
|a Kafafi, Zakya H.
|
| 700 |
1 |
|
|a Lane, Paul A.
|
| 710 |
2 |
|
|a Society of Photo-optical Instrumentation Engineers.
|
| 830 |
|
0 |
|a Proceedings of SPIE--the International Society for Optical Engineering ;
|v v. 5519.
|
| 948 |
|
|
|a cataloged
|b h
|c 2004/12/10
|d c
|e dmitchel
|f 9:44:16 am
|
| 994 |
|
|
|a E0
|b TXA
|
| 999 |
|
|
|a MARS
|
| 999 |
f |
f |
|s 078f0fa0-54ab-3e3b-940f-c084fbb3b31e
|i da7a6966-c159-3939-9738-277cd7c609a2
|t 0
|
| 952 |
f |
f |
|p ric
|a Texas A&M University
|b Rellis Campus
|c Joint Library Facility
|d Remote Storage
|t 0
|e TK7871.99.L53 .O74 2004
|h Library of Congress classification
|i unmediated -- volume
|m A14831641284
|
| 998 |
f |
f |
|a TK7871.99.L53 .O74 2004
|t 0
|l Remote Storage
|